TRADICIONES Y COSTUMBRES JUDIAS : UN VIAJE ALREDEDOR DEL AÑO HEBREO /
INDICE
Αποθηκεύτηκε σε:
| Κύριος συγγραφέας: | |
|---|---|
| Μορφή: | Βιβλίο |
| Έκδοση: | 3a edición |
| Σειρά: | BIBLIOTECA ISRAEL ;
19 |
| Θέματα: | |
| Ετικέτες: |
Δεν υπάρχουν, Καταχωρήστε ετικέτα πρώτοι!
|
MARC
| LEADER | 00000nam^a2200000^a^4500 | ||
|---|---|---|---|
| 001 | 000241754 | ||
| 005 | 20250521000000.0 | ||
| 009 | 20260310105228.978 | ||
| 035 | |a 052352 | ||
| 037 | |a Acervo Xavier Clavigero | ||
| 082 | |a 398. 09 |b SCH | ||
| 100 | |a Schlesinger, Erna C. |e (autor) | ||
| 245 | 1 | 0 | |a TRADICIONES Y COSTUMBRES JUDIAS : |b UN VIAJE ALREDEDOR DEL AÑO HEBREO / |c ERNA C. SCHLESINGER ; TR. N. CAPLAN |
| 250 | |a 3a edición | ||
| 264 | |a BUENOS AIRES : |b ISRAEL, |c 1951 | ||
| 300 | |a 271 p. | ||
| 336 | |a texto |b txt |2 rdacontenido | ||
| 337 | |a sin mediación |b n |2 rdamedio | ||
| 338 | |a volumen |b nc |2 rdasoporte | ||
| 440 | |a BIBLIOTECA ISRAEL ; |v 19 | ||
| 520 | |a INDICE | ||
| 649 | |a XX | ||
| 650 | |a Folklore | ||
| 650 | |a Judaísmo | ||
| 650 | |a Judíos - |x Condiciones Sociales y Culturales | ||
| 910 | |a Fondo General | ||
| 920 | |a Impresos - Libros | ||
| 930 | |a Colección General | ||
| 905 | |a 101 | ||
| 901 | |a 052352 |b IT1 |c ACC |i 052352 |u 20250521 | ||
| 902 | |a https://opac.biblio.iteso.mx/vufind/Record/000241754 | ||